| 000 | 00912nam2a22002411 4500 | ||
|---|---|---|---|
| 001 | rc\94092 | ||
| 005 | 20250620194309.0 | ||
| 035 | _a(NLR Aleph) 005392424 | ||
| 090 |
_a7198390 _c7198390 |
||
| 100 | _a20021216d1993 |||y0rusy50 ca | ||
| 101 | 0 | _arus | |
| 102 | _aRU | ||
| 105 | _ay ||||||||| | ||
| 200 | 0 | _aЧ. 1 | |
| 210 |
_d1993 _aБ. м. |
||
| 215 | _a192 с. | ||
| 225 | 1 |
_a... _v№ 7/8 |
|
| 461 | 0 |
_1001rc\94091 _12001#$aГОСУДАРСТВЕННЫЙ доклад о состоянии окружающей среды Российской Федерации в 1992 году$vЧ. 1 _97198383 _cМ. _d1993 _nТэсмо-Дон _tГОСУДАРСТВЕННЫЙ доклад о состоянии окружающей среды Российской Федерации в 1992 году _vЧ. 1 |
|
| 801 | 0 |
_aRU _bNLR _gpsbo |
|
| 801 | 1 |
_aRU _bELAR _2rusmarc |
|
| 852 |
_aNLR _jП22/6336 |
||
| 942 | _cBOOK | ||
| 980 | _aNB | ||